000 00742nam a2200241Ia 4500
003 OSt
005 20220926021509.0
006 a|||||r|||| 00| 0
007 ta
008 220923b |||||||| |||| 00| 0 eng d
037 _cGeneral Book
040 _aRTL
_cRTL
_beng
041 _2eng
_aeng
082 _aX9(J37):89Q7.1.N7, M0/UN
110 _aUnited Nations. Economics commission for Europe.
_9326263
245 0 _aStandards for fresh fruits and vegetables.
260 _aNew York
_bUN USA
_c1980
300 _a276p.
_ccm.
650 _aFruit
_9200833
700 _aUnited Nations. Economics commission for Europe.
_9326264
942 _hX9(J37):89Q7.1.N7, M0/UN
_cGB
_2CC
999 _c636922
_d636922